[Event "Irkutsk Baykal op"]
[Site "Irkutsk"]
[Date "2012.06.10"]
[Round "9"]
[White "Nevsky, Igor"]
[Black "Sidorov, Vladimir"]
[Result "1-0"]
[WhiteElo "1877"]
[BlackElo "1955"]
[PlyCount "82"]
[EventDate "2012.06.02"]
[EventType "swiss"]
[EventRounds "9"]
[EventCountry "RUS"]
[SourceTitle "EXT 2014"]
[Source "ChessBase"]
[SourceDate "2013.11.20"]
[SourceVersion "1"]
[SourceVersionDate "2013.11.20"]
[SourceQuality "1"]

1. e4 c5 2. Nf3 Nc6 3. d4 cxd4 4. Nxd4 e6 5. Nc3 Nf6 6. Ndb5 Bb4 7. a3 Bxc3+ 8. Nxc3 0-0 9. Bd3 Ne5 10. Bg5 h6 11. Bh4 Ng6 12. Bg3 d5 13. e5 Nd7 14. Qh5 Qg5 15. Bxg6 fxg6 16. Qxg5 hxg5 17. 0-0 b6 18. Rad1 Ba6 19. Rfe1 Rac8 20. Rd4 Rf5 21. Rd2 Nc5 22. f3 Rcf8 23. b4 Nd7 24. b5 Bc8 25. a4 Nc5 26. Bf2 R5f7 27. Ra1 Nb7 28. Be3 Rc7 29. Ne2 Na5 30. Bd4 Bb7 31. Bc3 Nc4 32. Rd3 Rf5 33. g4 Rf8 34. Re1 Rfc8 35. Ba1 a6 36. Nd4 Re7 37. Kg2 axb5 38. axb5 Ra8 39. Bc3 Bc8 40. Bd2 Nxd2 41. Rxd2 Rc7 1-0

[Event "Irkutsk Summer"]
[Site "Irkutsk"]
[Date "2008.07.24"]
[Round "4"]
[White "Sidorov, Vladimir"]
[Black "Shelk, Alexander"]
[Result "0-1"]
[WhiteElo "1992"]
[BlackElo "2360"]
[PlyCount "78"]
[EventDate "2008.07.21"]
[EventType "tourn"]
[EventRounds "13"]
[EventCountry "RUS"]
[SourceTitle "EXT 2022"]
[Source "ChessBase"]
[SourceDate "2021.10.06"]
[SourceVersion "1"]
[SourceVersionDate "2021.10.06"]
[SourceQuality "1"]

1. e4 c5 2. Nf3 e6 3. d4 cxd4 4. Nxd4 a6 5. Bd3 Nc6 6. Nxc6 dxc6 7. 0-0 e5 8. Be3 Nf6 9. h3 Qc7 10. Nd2 Be6 11. c4 Nd7 12. Qc2 Bc5 13. Bxc5 Nxc5 14. Be2 a5 15. a3 a4 16. Qc3 0-0 17. Qg3 Rfd8 18. Qe3 Rd4 19. f4 Rad8 20. f5 Rxd2 21. Qxc5 Rxe2 22. fxe6 fxe6 23. Rad1 Rxe4 24. g3 h6 25. Qf2 Red4 26. Rde1 Rxc4 27. Re3 e4 28. g4 b5 29. g5 hxg5 30. h4 Qf4 31. hxg5 Qxf2+ 32. Rxf2 Rf8 33. Rd2 Rf5 34. Rd8+ Kf7 35. Rg3 Rc1+ 36. Kh2 Rc2+ 37. Kh3 Kg6 38. Rd6 Rxg5 39. Rxe6+ Kf5 0-1

[Event "Irkutsk-ch Rating sf"]
[Site "Irkutsk"]
[Date "2008.05.06"]
[Round "5"]
[White "Burdyko, Alexander"]
[Black "Sidorov, Vladimir"]
[Result "1-0"]
[WhiteElo "2016"]
[BlackElo "2041"]
[PlyCount "129"]
[EventDate "2008.05.06"]
[EventType "tourn"]
[EventRounds "15"]
[EventCountry "RUS"]
[SourceTitle "EXT 2022"]
[Source "ChessBase"]
[SourceDate "2021.10.06"]
[SourceVersion "1"]
[SourceVersionDate "2021.10.06"]
[SourceQuality "1"]

1. d4 Nf6 2. c4 c5 3. d5 b5 4. cxb5 a6 5. b6 d6 6. Nc3 Nbd7 7. e4 g6 8. Nf3 Bg7 9. Be2 0-0 10. 0-0 Nxb6 11. a4 Bg4 12. Nd2 Bxe2 13. Qxe2 Ne8 14. a5 Nd7 15. Nc4 Rb8 16. f4 Nc7 17. e5 Re8 18. Bd2 Nb5 19. Nxb5 axb5 20. Na3 c4 21. Nc2 dxe5 22. Nb4 Nc5 23. fxe5 Nb3 24. Ra3 Nxd2 25. Qxd2 Qd7 26. Qf2 f5 27. Nc6 Qxd5 28. Nxb8 Rxb8 29. Qh4 Bxe5 30. Kh1 Bxb2 31. Rh3 Qf7 32. Rxf5 Qxf5 33. Qxh7+ Kf8 34. Rf3 Qxf3 35. gxf3 Bf6 36. Qxg6 c3 37. Qh6+ Ke8 38. Qh5+ Kf8 39. Qc5 b4 40. a6 Kg7 41. a7 Ra8 42. Qg1+ Kf8 43. Qc5 Kg7 44. Qxb4 Rxa7 45. Qg4+ Kf7 46. Qc4+ e6 47. h4 Rd7 48. h5 Rd1+ 49. Kg2 Rd2+ 50. Kh3 Be5 51. f4 Bg7 52. f5 Rd5 53. Qc7+ Kg8 54. Qc8+ Kh7 55. Qxe6 c2 56. Qg6+ Kh8 57. h6 Rd3+ 58. Kg2 Rd2+ 59. Kf3 Bd4 60. Qe8+ Kh7 61. Qf7+ Kh8 62. h7 Rf2+ 63. Kg3 Be5+ 64. Kxf2 c1Q 65. Qg8# 1-0

[Event "Irkutsk-ch Rating sf"]
[Site "Irkutsk"]
[Date "2008.05.06"]
[Round "3"]
[White "Mjakonkikh, Dmitry"]
[Black "Sidorov, Vladimir"]
[Result "1-0"]
[WhiteElo "2177"]
[BlackElo "2041"]
[PlyCount "83"]
[EventDate "2008.05.06"]
[EventType "tourn"]
[EventRounds "15"]
[EventCountry "RUS"]
[SourceTitle "EXT 2022"]
[Source "ChessBase"]
[SourceDate "2021.10.06"]
[SourceVersion "1"]
[SourceVersionDate "2021.10.06"]
[SourceQuality "1"]

1. d4 Nf6 2. c4 c5 3. d5 e6 4. Nc3 exd5 5. cxd5 d6 6. Nf3 g6 7. Bg5 Bg7 8. e3 a6 9. a4 0-0 10. Nd2 h6 11. Bh4 Qc7 12. Be2 Nbd7 13. 0-0 Re8 14. h3 g5 15. Bg3 Ne5 16. f4 Ng6 17. fxg5 hxg5 18. Nc4 Ne5 19. Bxe5 dxe5 20. e4 b6 21. Qd2 Nh7 22. d6 Qd8 23. Nd5 Be6 24. Nc7 Rb8 25. Nxe8 Qxe8 26. Ne3 b5 27. axb5 axb5 28. Bg4 Nf6 29. Bf5 Qc6 30. Bxe6 fxe6 31. Ng4 Nxe4 32. Qe3 Nxd6 33. Qxg5 Nf5 34. Ra7 Rb7 35. Ra8+ Kh7 36. Qh5+ Bh6 37. Nxh6 Ng3 38. Rf7+ Rxf7 39. Qxf7+ Kxh6 40. Rh8+ Kg5 41. Rg8+ Kh4 42. Qf6+ 1-0

[Event "Irkutsk-ch Rating sf"]
[Site "Irkutsk"]
[Date "2008.05.06"]
[Round "4"]
[White "Sidorov, Vladimir"]
[Black "Drapeza, Sergey"]
[Result "0-1"]
[WhiteElo "2041"]
[BlackElo "1720"]
[PlyCount "61"]
[EventDate "2008.05.06"]
[EventType "tourn"]
[EventRounds "15"]
[EventCountry "RUS"]
[SourceTitle "EXT 2022"]
[Source "ChessBase"]
[SourceDate "2021.10.06"]
[SourceVersion "1"]
[SourceVersionDate "2021.10.06"]
[SourceQuality "1"]

1. c4 e5 2. g3 Nf6 3. Bg2 d6 4. Nc3 Nc6 5. a3 Be7 6. b4 a6 7. e3 0-0 8. Nge2 Na7 9. 0-0 c6 10. d4 Bg4 11. Qc2 Qc7 12. dxe5 dxe5 13. Bb2 Rad8 14. h3 Bxe2 15. Qxe2 Rfe8 16. Rac1 Bf8 17. b5 axb5 18. cxb5 c5 19. a4 b6 20. Rfd1 Nc8 21. Bc6 Rxd1+ 22. Rxd1 Rd8 23. Nd5 Nxd5 24. Bxd5 Kh8 25. e4 Qe7 26. Kg2 Rd6 27. g4 g5 28. Rd3 f6 29. h4 Qg7 30. Rh3 Ne7 31. hxg5 0-1

[Event "Irkutsk-ch Rating sf"]
[Site "Irkutsk"]
[Date "2008.05.06"]
[Round "11"]
[White "Stulikov, Vyacheslav"]
[Black "Sidorov, Vladimir"]
[Result "1-0"]
[WhiteElo "2103"]
[BlackElo "2041"]
[PlyCount "88"]
[EventDate "2008.05.06"]
[EventType "tourn"]
[EventRounds "15"]
[EventCountry "RUS"]
[SourceTitle "EXT 2022"]
[Source "ChessBase"]
[SourceDate "2021.10.06"]
[SourceVersion "1"]
[SourceVersionDate "2021.10.06"]
[SourceQuality "1"]

1. c4 c5 2. Nf3 Nc6 3. d4 cxd4 4. Nxd4 Nf6 5. e3 g6 6. Be2 Bg7 7. 0-0 0-0 8. b3 d6 9. Bb2 a6 10. Nd2 Qc7 11. a3 Rd8 12. Rc1 Ne5 13. h3 b6 14. b4 Bb7 15. Qc2 Rac8 16. Rfd1 Qb8 17. f4 Ned7 18. Qb3 Qa8 19. Bf3 Ne4 20. Nf1 Ndf6 21. Rc2 d5 22. Be2 dxc4 23. Bxc4 Nd6 24. Rdd2 b5 25. Bd3 Bd5 26. Rxc8 Rxc8 27. Qd1 Nc4 28. Re2 Ne4 29. Qe1 Qa7 30. Bxe4 Bxe4 31. Bc3 Qc7 32. Nb3 Bd3 33. Ra2 Bxf1 34. Bxg7 Bxg2 35. Bd4 Bxh3 36. Nc5 e5 37. fxe5 Qe7 38. Qg3 Be6 39. Ne4 Kg7 40. Rh2 Nxa3 41. Bc5 Qd8 42. Rd2 Qc7 43. Qg5 Nc4 44. Rh2 f5 1-0